[Event "AUTO-ADV-4689"]
[Site "http://www.queenalice.com/game.php?id=1823594"]
[Date "2023.10.22"]
[Round "2"]
[White "yy"]
[Black "AranchiA12"]
[Result "1-0"]
[WhiteElo "1966"]
[BlackElo "2026"]

1. e4 c5 2. Bc4 Nc6 3. c3 Nf6 4. d3 d5 5. Qf3 dxc4 6. dxc4 e5 7. Bg5 Be7 8. a3
O-O 9. h3 Be6 10. Nd2 Qb6 11. b4 Rad8 12. Ne2 Rd7 13. O-O Rfd8 14. Rfd1 Rxd2 15.
Bxd2 Bxc4 16. Be3 Bxe2 17. Qxe2 Nxe4 18. Rxd8+ Bxd8 19. f3 Nxc3 20. Qc4 Nb5 21.
Bxc5 Qa6 22. a4 Nc7 23. b5 Na5 24. bxa6 Nxc4 25. axb7 Na6 26. Bxa7 Bc7 27. Rc1
Bb6+ 28. Bxb6 Nxb6 29. a5 Nd7 30. Rc8+ Nf8 31. b8=Q Nxb8 32. Rxb8 g5 33. a6 Kg7
34. a7 Nd7 35. a8=Q Nxb8 36. Qxb8 f6 37. g4 Kf7 38. Kg2 Kg6 39. Qg8+ Kh6 40. Qf7
f5 41. gxf5 g4 42. fxg4 Kg5 43. Kf3 h5 44. h4+ Kxh4 45. Qxh5# 1-0

[Event "AUTO-MASTER-3191"]
[Site "http://www.queenalice.com/game.php?id=1825621"]
[Date "2023.11.20"]
[Round "1"]
[White "yy"]
[Black "Kapablanca"]
[Result "0-1"]
[WhiteElo "1933"]
[BlackElo "2063"]

1. e4 e6 2. e5 d5 3. d4 c5 4. c3 Nc6 5. Bb5 Bd7 6. Be3 cxd4 7. cxd4 Bb4+ 8. Bd2
Qa5 9. Bxc6 Bxc6 10. a3 Bxd2+ 11. Qxd2 Qb6 12. a4 Ne7 13. Ne2 O-O 14. O-O Rfc8
15. b4 Bd7 16. b5 Rc4 17. Nbc3 Qa5 18. Rfc1 Rac8 19. Ra3 Nf5 20. g3 a6 21. Rca1
Qb6 22. a5 Qd8 23. b6 Qe8 24. R1a2 Bb5 25. Qb2 Nxd4 26. Nxd4 Rxd4 27. Nxb5 Rd1+
28. Kg2 axb5 29. Rb3 Rc5 30. Qe2 Rdc1 31. Rab2 R1c4 32. Qd1 Qc6 33. Kh3 Ra4 34.
Qd2 Rac4 35. Qd3 d4 36. Rb4 Qd5 37. f4 g6 38. Kg4 Rxb4 39. Rxb4 Rc4 40. Rb3 h5+
41. Kh4 Kg7 42. Qd2 Qe4 43. Kh3 Qf5+ 44. Kh4 Qg4# 0-1

[Event "AUTO-MASTER-3191"]
[Site "http://www.queenalice.com/game.php?id=1825622"]
[Date "2023.11.20"]
[Round "1"]
[White "Kapablanca"]
[Black "yy"]
[Result "0-1"]
[WhiteElo "2096"]
[BlackElo "1922"]

1. d4 d5 2. c4 e6 3. e3 Nf6 4. Nf3 c6 5. Bd3 Bb4+ 6. Bd2 Bxd2+ 7. Nbxd2 O-O 8.
O-O b6 9. cxd5 exd5 10. h3 c5 11. dxc5 bxc5 12. Rc1 Qd6 13. Bb1 Ba6 14. Re1 Nc6
15. a3 d4 16. exd4 cxd4 17. Nb3 d3 18. Re3 Rfd8 19. Rc3 Nd5 20. Rexd3 Bxd3 21.
Rxd3 Ne5 22. Nxe5 Qxe5 23. Rd2 Rd6 24. Nd4 g6 25. Nf3 Qe6 26. Ba2 Rad8 27. Ng5
Qf5 28. Nf3 f6 29. Bb1 Qe6 30. Ba2 Kg7 31. Ne1 Kf8 32. Nf3 Ne3 33. Rxd6 Rxd6 34.
Bxe6 Nxd1 35. Bc4 Nxb2 36. Be2 Rc6 37. g3 Rc3 38. Nd4 Rxa3 39. Ne6+ Ke7 40. Nf4
a5 41. Bb5 Ra1+ 42. Kg2 a4 43. Nd5+ Ke6 44. Nf4+ Ke5 45. Ne2 Re1 46. f4+ Kd6 47.
Kf2 Rxe2+ 0-1

[Event "AUTO-MASTER-3191"]
[Site "http://www.queenalice.com/game.php?id=1825623"]
[Date "2023.11.20"]
[Round "1"]
[White "yy"]
[Black "rmvwoods"]
[Result "0-1"]
[WhiteElo "1989"]
[BlackElo "2089"]

1. e4 c5 2. Bc4 e6 3. c3 Nf6 4. e5 Nd5 5. Bxd5 exd5 6. d4 d6 7. Nf3 Nc6 8. O-O
Be7 9. Nbd2 O-O 10. a3 dxe5 11. dxe5 Bg4 12. Re1 Re8 13. h3 Bh5 14. b4 b6 15. b5
Na5 16. Bb2 Bg5 17. a4 Bxd2 18. Qxd2 Nb3 19. Qe3 Nxa1 20. Bxa1 Bxf3 21. Qxf3 f6
22. e6 Qd6 23. e7 Rac8 24. Rd1 Rxe7 25. g3 Rd8 26. c4 d4 27. h4 Rde8 28. Kg2 Re1
29. Qd3 Rxd1 30. Qxd1 Qe6 31. Qd2 Qe4+ 32. Kh2 Qe2 33. Qxe2 Rxe2 34. Kg2 Ra2 35.
Bxd4 cxd4 36. Kf1 Rxa4 37. Ke2 Rxc4 38. Kd3 Rb4 0-1

[Event "AUTO-MASTER-3191"]
[Site "http://www.queenalice.com/game.php?id=1825624"]
[Date "2023.11.20"]
[Round "1"]
[White "rmvwoods"]
[Black "yy"]
[Result "1-0"]
[WhiteElo "2105"]
[BlackElo "1947"]

1. e4 e5 2. Nf3 d6 3. Bc4 Qf6 4. h3 Qg6 5. O-O Qxe4 6. d3 Qg6 7. Ng5 Be6 8. Nxe6
fxe6 9. Nd2 Nc6 10. Nf3 O-O-O 11. Be3 Nge7 12. Nh4 Qf6 13. Qg4 h5 14. Qxe6+ Kb8
15. Qxf6 gxf6 16. a3 d5 17. Ba2 d4 18. Bd2 Bh6 19. f4 Rdf8 20. g3 Rh7 21. Rad1
Rg7 22. Kh2 exf4 23. Bxf4 Bxf4 24. Rxf4 f5 25. Rdf1 Rg5 26. Be6 Nd8 27. Bxf5 Nd5
28. R4f3 Ne3 29. R1f2 Nd1 30. Rf1 Ne3 31. R1f2 Nd1 32. Re2 Nxb2 33. Bd7 Rxf3 34.
Nxf3 Rd5 35. Ne5 Ra5 36. Be8 Rxa3 37. Bxh5 b6 38. Bf7 Ra5 39. h4 Nxf7 40. Nxf7
Rf5 41. Ng5 Nd1 42. Ne4 Ne3 43. c3 Nf1+ 44. Kg2 dxc3 45. Nxc3 a5 46. Re1 Nd2 47.
Ne4 Nb3 48. Rh1 a4 49. Nc3 a3 50. h5 Kb7 51. h6 Rf8 52. h7 Rh8 53. g4 Nd4 54. g5
Nf5 55. g6 Ng7 56. Ra1 Kc6 57. Rxa3 Kd6 58. Ra1 Ke6 59. Rf1 Nf5 60. Rxf5 Kxf5
61. g7 Rxh7 62. g8=Q Rd7 63. Qf8+ Ke6 64. Qh6+ Ke5 65. Qe3+ Kf6 66. Ne4+ Kf5 67.
Qh3+ 1-0

[Event "AUTO-MASTER-3191"]
[Site "http://www.queenalice.com/game.php?id=1825625"]
[Date "2023.11.20"]
[Round "1"]
[White "yy"]
[Black "maurice916"]
[Result "0-1"]
[WhiteElo "1945"]
[BlackElo "1902"]

1. e4 c6 2. d4 d5 3. e5 Bf5 4. Bd3 Bxd3 5. Qxd3 c5 6. Qb5+ Qd7 7. Qxc5 e6 8. Qc3
Nc6 9. a3 Rc8 10. Qb3 Nxd4 11. Qa2 Nxc2+ 12. Kd1 Nxa1 13. Qxa1 Qc6 14. Nc3 d4
15. Nf3 dxc3 16. bxc3 Rd8+ 17. Bd2 Bc5 18. Rf1 Ne7 19. Kc2 Nd5 20. c4 Qa4+ 21.
Kd3 Ne3+ 22. Kc3 Nxf1 23. Qxf1 Qxa3+ 24. Kc2 Qa2+ 25. Kc3 Qa3+ 26. Kc2 O-O 27.
Qb1 Qa4+ 28. Kc1 Qa3+ 29. Kc2 Bxf2 30. Bb4 Qa6 31. Bxf8 Qxc4+ 32. Kb2 Qb5+ 33.
Ka2 Qxb1+ 34. Kxb1 Kxf8 35. Kb2 a5 36. Kb3 Rd5 37. Ka4 f6 38. exf6 gxf6 39. g4
Ba7 40. h4 e5 41. g5 fxg5 42. Nxg5 Bb6 43. Nxh7+ Ke7 44. h5 e4 0-1

[Event "AUTO-MASTER-3191"]
[Site "http://www.queenalice.com/game.php?id=1825626"]
[Date "2023.11.20"]
[Round "1"]
[White "maurice916"]
[Black "yy"]
[Result "0-1"]
[WhiteElo "1960"]
[BlackElo "1936"]

1. Nf3 Nc6 2. b3 e5 3. Bb2 e4 4. Nd4 Nxd4 5. Bxd4 d5 6. d3 c5 7. Bb2 exd3 8.
cxd3 d4 9. Nd2 Nf6 10. g3 Be7 11. Bg2 O-O 12. O-O Qc7 13. Nf3 Rb8 14. Rc1 b6 15.
Nxd4 Qd7 16. Nc6 Rb7 17. Nxe7+ Qxe7 18. Bxb7 Bxb7 19. e4 Rd8 20. Bxf6 Qxf6 21.
Qe2 Ba6 22. Rfd1 Qd4 23. Qe3 Qb2 24. e5 Re8 25. Rb1 Qc3 26. f4 f6 27. e6 Re7 28.
f5 h6 29. Qe4 Bb7 30. Qf4 Ba6 31. Qf3 Kh7 32. g4 Qd4+ 33. Kf1 g6 34. fxg6+ Kxg6
35. Qf5+ Kg7 36. Rd2 Qe3 37. Re2 Bxd3 38. Re1 Qxe6 39. Qxe6 Rxe6 40. Kf2 Bxe2
41. Rxe2 Rxe2+ 42. Kxe2 Kg6 43. h3 f5 44. Kf3 b5 45. a3 a5 46. Kf4 fxg4 47. hxg4
c4 48. bxc4 bxc4 49. Ke3 Kg5 50. Kd4 Kxg4 51. Kxc4 h5 52. Kb5 h4 53. Kxa5 h3 54.
a4 h2 55. Kb6 h1=Q 56. a5 Qa8 57. a6 Kf5 58. a7 Ke6 59. Ka6 Kd7 60. Kb6 Kc8 61.
Ka6 Qb7+ 0-1

[Event "AUTO-ADV-4735"]
[Site "http://www.queenalice.com/game.php?id=1829224"]
[Date "2024.1.13"]
[Round "2"]
[White "maurice916"]
[Black "yy"]
[Result "0-1"]
[WhiteElo "1871"]
[BlackElo "1953"]

1. Nf3 Nc6 2. b3 e5 3. Bb2 e4 4. Nd4 Nxd4 5. Bxd4 d5 6. e3 Nf6 7. d3 c5 8. Bb2
Bd6 9. c4 Be6 10. cxd5 Bxd5 11. dxe4 Bxe4 12. Nc3 Be5 13. Bb5+ Bc6 14. Bxc6+
bxc6 15. Qf3 Qc7 16. Qe2 O-O 17. O-O Bxh2+ 18. Kh1 Be5 19. Ne4 Bxb2 20. Qxb2
Nxe4 21. Rac1 Qe7 22. g3 Rfd8 23. Qe2 Rd2 24. Qf3 Rxa2 25. Rc4 Re8 26. Kg2 Nd2
27. Qxc6 Nxc4 28. bxc4 Qxe3 29. Qd5 a5 30. Kg1 Qd4 31. Qc6 Rae2 32. Qb5 Re1 33.
Qxa5 Qxc4 34. Rxe1 Rxe1+ 35. Kg2 Qf1+ 36. Kf3 Qd3+ 37. Kg2 Qd5+ 38. Kh3 Rh1+ 39.
Kg4 h5+ 40. Kf4 g5+ 41. Ke3 Re1+ 0-1

[Event "AUTO-ADV-4735"]
[Site "http://www.queenalice.com/game.php?id=1829225"]
[Date "2024.1.13"]
[Round "2"]
[White "yy"]
[Black "maurice916"]
[Result "1/2-1/2"]
[WhiteElo "1984"]
[BlackElo "1859"]

1. e4 c6 2. d4 d5 3. e5 Bf5 4. Bd3 Bxd3 5. Qxd3 e6 6. Nf3 c5 7. Qb5+ Qd7 8.
Qxd7+ Nxd7 9. c3 Rc8 10. O-O cxd4 11. cxd4 Bb4 12. Bd2 Bxd2 13. Nbxd2 Ne7 14. b4
Nb6 15. a4 O-O 16. b5 Nc4 17. a5 Nxd2 18. Nxd2 Nf5 19. Nf3 Rc4 20. Rfd1 Rfc8 21.
b6 a6 22. g4 Ne7 23. Ne1 Ng6 24. Nf3 Nf4 25. h4 g6 26. Kh2 Rc2 27. Kg3 Ne2+ 28.
Kg2 h6 29. Ne1 Nf4+ 30. Kg3 g5 31. Nf3 R8c3 32. Re1 Ne2+ 33. Kg2 Nf4+ 34. Kg3
Ne2+ 35. Kg2 Nf4+ 36. Kg3 1/2-1/2

[Event "AUTO-ADV-4764"]
[Site "http://www.queenalice.com/game.php?id=1830488"]
[Date "2024.1.30"]
[Round "1"]
[White "Tonto"]
[Black "yy"]
[Result "1-0"]
[WhiteElo "2058"]
[BlackElo "1948"]

1. e4 e5 2. Nf3 Nc6 3. Bc4 Qf6 4. O-O Bc5 5. Nc3 Nge7 6. d3 d6 7. Bg5 Qg6 8.
Bxe7 Nxe7 9. Nb5 Bb6 10. c3 a6 11. Na3 Bg4 12. Nc2 O-O 13. Ne3 c6 14. Nxg4 Qxg4
15. h3 Qd7 16. d4 exd4 17. cxd4 d5 18. exd5 cxd5 19. Bb3 Rfe8 20. Ba4 Nc6 21.
Qb3 Ba7 22. Ne5 Qe6 23. Qxb7 Bxd4 24. Bxc6 Rab8 25. Qxf7+ Qxf7 26. Nxf7 Rf8 27.
Bxd5 Rxb2 28. Rad1 Bc5 29. Ne5+ Kh8 30. Nd3 Bxf2+ 31. Rxf2 Rbxf2 32. Nxf2 h5 33.
Bb7 Rf6 34. Ne4 Rb6 35. Ng5 g6 36. Bd5 Rb5 37. Ne6 Kh7 38. Bc4 Rb6 39. Rd7+ Kh6
40. Nc7 a5 41. a4 h4 42. Nb5 Rc6 43. Nd6 Kg5 44. Bb5 Rc5 45. Ne4+ 1-0

[Event "AUTO-ADV-4764"]
[Site "http://www.queenalice.com/game.php?id=1830489"]
[Date "2024.1.30"]
[Round "1"]
[White "yy"]
[Black "Tonto"]
[Result "1-0"]
[WhiteElo "1969"]
[BlackElo "2061"]

1. e4 e5 2. Nf3 Nc6 3. d4 exd4 4. Nxd4 Ne5 5. Bd3 Bc5 6. Be3 d5 7. Nc3 c6 8.
exd5 cxd5 9. Bb5+ Bd7 10. Nf5 Bxe3 11. fxe3 Nf6 12. Nxg7+ Kf8 13. Nh5 Nxh5 14.
Qxh5 f6 15. Bxd7 Qxd7 16. O-O-O Qg4 17. Qh6+ Kf7 18. Nxd5 Qg6 19. Qf4 Rac8 20.
e4 Qxg2 21. Qxf6+ 1-0

[Event "AUTO-ADV-4764"]
[Site "http://www.queenalice.com/game.php?id=1830504"]
[Date "2024.1.30"]
[Round "1"]
[White "yy"]
[Black "Canaye14"]
[Result "1/2-1/2"]
[WhiteElo "1976"]
[BlackElo "1804"]

1. e4 e6 2. e5 d5 3. d4 c5 4. c3 Nc6 5. Bb5 Qb6 6. Qb3 cxd4 7. Bxc6+ Qxc6 8. Bd2
dxc3 9. Nxc3 Ne7 10. Nge2 Ng6 11. Qb5 Be7 12. Nd4 Qxb5 13. Ncxb5 O-O 14. Nf3 Bd7
15. Nc3 Rac8 16. O-O a6 17. Rfe1 Rfd8 18. a4 Bc6 19. Nd4 Be8 20. a5 Bc5 21. Nf3
Bc6 22. Bg5 Re8 23. Rab1 h6 24. Bd2 Be7 25. b4 f5 26. b5 axb5 27. Nxb5 Kf7 28.
Nd6+ Bxd6 29. exd6 e5 30. Bc3 e4 31. Nd4 Red8 32. Nxf5 Ke6 33. g4 Ne5 34. Nxg7+
Kxd6 35. Nf5+ Ke6 36. Bxe5 Kxe5 37. Nxh6 Rd7 38. Nf5 Rh7 39. Kg2 Rch8 40. Rh1 d4
41. Rbd1 e3+ 42. f3 Rh3 43. Nxd4 Bd5 44. Rd3 R3h4 45. h3 Rf8 46. Nf5 Rxf5 47.
gxf5 Rf4 48. Rxe3+ Kxf5 49. Ra3 Kg5 50. Rf1 Kh4 51. a6 bxa6 52. Rxa6 Bc4 53.
Rfa1 Bxa6 54. Rxa6 Rb4 55. Ra2 Rc4 56. Re2 Rc6 57. Re4+ Kh5 58. Kg3 Rc1 59. Re5+
Kg6 60. f4 Rg1+ 61. Kf2 Ra1 62. f5+ Kf6 63. Rb5 Ra3 64. Kg2 Re3 65. h4 Ra3 66.
h5 Ra4 67. Kg3 Kg5 68. Re5 Kxh5 69. Kf3 Kg5 70. Re4 Ra3+ 71. Re3 Rxe3+ 72. Kxe3
Kxf5 73. Kf3 Kf6 74. Ke4 1/2-1/2

[Event "AUTO-ADV-4764"]
[Site "http://www.queenalice.com/game.php?id=1830505"]
[Date "2024.1.30"]
[Round "1"]
[White "Canaye14"]
[Black "yy"]
[Result "1/2-1/2"]
[WhiteElo "1797"]
[BlackElo "1979"]

1. d4 d5 2. c4 e6 3. Nf3 Bb4+ 4. Nc3 dxc4 5. e4 b5 6. a4 c6 7. axb5 cxb5 8. Qc2
Ne7 9. Bd2 Bxc3 10. Bxc3 O-O 11. Be2 Nbc6 12. O-O a5 13. b3 cxb3 14. Qxb3 b4 15.
Bd2 Nxd4 16. Nxd4 Qxd4 17. Bd3 Bb7 18. Be3 Qe5 19. f4 Qd6 20. Rad1 Qc6 21. Rc1
Qd7 22. Rfd1 Nc6 23. Bb5 Qc7 24. Bc5 Rfd8 25. e5 Rxd1+ 26. Rxd1 Rd8 27. Rd6 Rxd6
28. exd6 Qd8 29. Qa4 Qd7 30. Bxc6 Qxc6 31. Qc2 b3 32. d7 Qxd7 33. Qxb3 Qc6 34.
Qc2 a4 35. Qf2 Qa6 36. Ba3 g6 37. g3 Qd3 38. Be7 a3 39. Qf1 a2 40. Bf6 Qe4 41.
Kf2 Qf5 42. Ba1 g5 43. Qd1 Qc5+ 44. Qd4 Qxd4+ 45. Bxd4 gxf4 46. gxf4 h5 47. Ke3
f5 48. h4 Kf7 49. Be5 Ke7 50. Bb2 Kd6 51. Kd4 Bd5 52. Ba1 Kc6 53. Bb2 Kd6 54.
Ba1 Kc6 55. Kc3 Kc5 56. Bb2 Bc4 57. Kd2 Kb4 58. Kc2 Bb3+ 59. Kd2 Bc4 60. Kc2 Kc5
61. Kd2 Kb4 1/2-1/2

[Event "AUTO-ADV-4764"]
[Site "http://www.queenalice.com/game.php?id=1830506"]
[Date "2024.1.30"]
[Round "1"]
[White "yy"]
[Black "Erlofabr"]
[Result "0-1"]
[WhiteElo "1977"]
[BlackElo "1661"]

1. e4 e5 2. Nf3 Nc6 3. d4 d6 4. d5 Nb4 5. c3 Na6 6. Bxa6 bxa6 7. O-O Nf6 8. Bg5
Be7 9. Nbd2 Nh5 10. Bxe7 Qxe7 11. b4 O-O 12. c4 f5 13. Qc2 Nf6 14. c5 Bb7 15. c6
Bc8 16. exf5 Ng4 17. h3 Nh6 18. g4 g6 19. fxg6 e4 20. gxh7+ Qxh7 21. Nxe4 Rxf3
22. Qe2 Rf4 23. Qe3 Rxe4 24. Qg5+ Qg7 25. Qd8+ Kh7 26. Qh4 Bxg4 27. Kh2 Bf5 28.
f4 Re2+ 29. Kh1 Qg2# 0-1

[Event "AUTO-ADV-4764"]
[Site "http://www.queenalice.com/game.php?id=1830507"]
[Date "2024.1.30"]
[Round "1"]
[White "Erlofabr"]
[Black "yy"]
[Result "0-1"]
[WhiteElo "1661"]
[BlackElo "1972"]

1. f4 d5 2. d4 Bf5 3. c4 e6 4. Nc3 Bb4 5. Qa4+ Nc6 6. cxd5 Qxd5 7. Bd2 Qxd4 8.
Nf3 Qd6 9. Nb5 Qxf4 10. Bxb4 Nxb4 11. Nxc7+ Kd8 12. Nxa8 Nd3+ 13. exd3 Qxa4 14.
Ne5 Qa5+ 15. Kf2 Qxe5 16. Rb1 Nf6 17. Be2 Qf4+ 18. Bf3 Ng4+ 19. Ke2 Qe3+ 20. Kd1
Nf2+ 21. Kc2 Qxd3+ 0-1

[Event "Challenge"]
[Site "http://www.queenalice.com/game.php?id=1832577"]
[Date "2024.2.29"]
[Round "-"]
[White "jogo"]
[Black "yy"]
[Result "1-0"]
[WhiteElo "2181"]
[BlackElo "1936"]

1. e4 e5 2. Nc3 Nf6 3. f4 d6 4. Nf3 Bg4 5. Be2 exf4 6. d4 Bxf3 7. Bxf3 Nc6 8.
Bxf4 Nd7 9. d5 Nce5 10. Be2 Qf6 11. Qd2 Ng6 12. Bg5 Qe5 13. O-O-O Be7 14. Be3
O-O 15. Rdf1 c6 16. Rf5 f6 17. Rxe5 fxe5 18. g3 cxd5 19. Nxd5 Rf7 20. h4 Bf6 21.
h5 Ne7 22. Nc7 Rc8 23. Qxd6 Nc6 24. Bc4 Be7 25. Qxd7 Rd8 26. Qe6 Rf8 27. Rf1 h6
28. Rxf7 Nd8 29. Rxf8+ 1-0

[Event "AUTO-ADV-4772"]
[Site "http://www.queenalice.com/game.php?id=1832861"]
[Date "2024.3.6"]
[Round "1"]
[White "yy"]
[Black "Jsc"]
[Result "0-1"]
[WhiteElo "1937"]
[BlackElo "2024"]

1. e4 e6 2. e5 c5 3. Bc4 a6 4. Nf3 b5 5. Bd3 Bb7 6. b3 Qc7 7. O-O d5 8. c4 bxc4
9. bxc4 d4 10. a4 Nd7 11. Qe2 g6 12. Be4 Rb8 13. Bxb7 Rxb7 14. d3 Bg7 15. a5
Nxe5 16. Bf4 Nxf3+ 17. Qxf3 e5 18. Re1 f6 19. Nd2 Ne7 20. Bg3 O-O 21. Ra3 Rfb8
22. Qd1 Nc6 23. Nb3 Bf8 24. h3 Bd6 25. Qf3 Rxb3 26. Raa1 Kg7 27. Bh2 Nxa5 28.
Qd5 Rxd3 29. Rxa5 Qxa5 30. Qxd6 Qxe1# 0-1

[Event "AUTO-ADV-4772"]
[Site "http://www.queenalice.com/game.php?id=1832862"]
[Date "2024.3.6"]
[Round "1"]
[White "Jsc"]
[Black "yy"]
[Result "1-0"]
[WhiteElo "2010"]
[BlackElo "1961"]

1. e4 e5 2. Nf3 d6 3. Bc4 Bg4 4. O-O Nf6 5. h3 Bxf3 6. Qxf3 Nc6 7. a3 Nd4 8. Qe3
Nxc2 9. Bxf7+ Ke7 10. Qb3 Nd4 11. Qa2 Kd7 12. b4 Qe7 13. d3 b5 14. Be3 Nc2 15.
Qxc2 Qxf7 16. Rc1 Kc8 17. Qc6 Rb8 18. Bxa7 Rb7 19. Be3 Qd7 20. Qa6 d5 21. Nd2 h6
22. Nb3 Qd6 23. Rc6 Qd7 24. Na5 d4 25. Nxb7 Kb8 26. Bd2 Qc8 27. Na5 Bd6 28.
Qxb5+ Ka7 29. Nc4 Qb7 30. Qa4+ Kb8 31. Rc1 Qa7 32. Qb3 Kc8 33. Nxd6+ Kd7 34.
Qf7+ Kd8 35. Rxc7 1-0

[Event "AUTO-ADV-4772"]
[Site "http://www.queenalice.com/game.php?id=1832863"]
[Date "2024.3.6"]
[Round "1"]
[White "yy"]
[Black "Canaye14"]
[Result "1-0"]
[WhiteElo "1946"]
[BlackElo "1917"]

1. e4 e6 2. e5 d5 3. d4 c5 4. c3 Nc6 5. Be3 cxd4 6. cxd4 Qb6 7. Qd2 Bb4 8. Nc3
Nge7 9. Bb5 Bxc3 10. Bxc6+ Nxc6 11. bxc3 O-O 12. Nf3 f6 13. O-O fxe5 14. dxe5
Qc7 15. Bd4 Nxd4 16. cxd4 Bd7 17. Rfc1 Qd8 18. Rc2 Rf5 19. Rac1 Rc8 20. Rc3 Rxc3
21. Rxc3 h6 22. Qc2 Qf8 23. Qb3 b6 24. Rc7 Qd8 25. Rxa7 Be8 26. Ra6 Bh5 27. Rxb6
Bxf3 28. Rb8 Qxb8 29. Qxb8+ Rf8 30. Qd6 Bg4 31. h3 Bf5 32. g4 Be4 33. Qxe6+ Kh8
34. Qd6 Rc8 35. Qa3 Rb8 36. f3 Rb1+ 37. Kf2 Bc2 38. e6 Bg6 39. e7 Rb8 40. Kg3
Kg8 41. Qd6 Re8 42. Qxg6 Rxe7 43. Qd6 Re8 44. Qxd5+ Kh8 45. a4 1-0

[Event "AUTO-ADV-4772"]
[Site "http://www.queenalice.com/game.php?id=1832864"]
[Date "2024.3.6"]
[Round "1"]
[White "Canaye14"]
[Black "yy"]
[Result "0-1"]
[WhiteElo "1929"]
[BlackElo "1930"]

1. d4 d5 2. c4 dxc4 3. Nf3 b5 4. a4 b4 5. e4 Bg4 6. Bxc4 Nf6 7. e5 Nd5 8. O-O e6
9. Qb3 Nc6 10. Bxd5 Qxd5 11. Qxd5 exd5 12. Nbd2 Rb8 13. h3 Bh5 14. g4 Bg6 15.
Re1 Be7 16. b3 Na5 17. h4 h5 18. g5 O-O 19. e6 Bf5 20. exf7+ Rxf7 21. Ne5 Rff8
22. Ng6 Bxg6 23. Rxe7 Rf7 24. Rxf7 Kxf7 25. Nf3 Nxb3 26. Ne5+ Kg8 27. Nxg6 Nxa1
28. Ne7+ Kf7 29. Nxd5 Nb3 30. Bb2 c6 31. Nf4 Rd8 32. Nxh5 Nxd4 33. f4 g6 34. Ng3
Nf3+ 35. Kf1 Nxh4 36. Ke2 Ke6 37. Ne4 Kf5 38. Bf6 Re8 39. Kd3 Rxe4 0-1

[Event "AUTO-ADV-4772"]
[Site "http://www.queenalice.com/game.php?id=1832865"]
[Date "2024.3.6"]
[Round "1"]
[White "yy"]
[Black "Bordon"]
[Result "0-1"]
[WhiteElo "1924"]
[BlackElo "2068"]

1. e4 e5 2. Nf3 Nc6 3. d4 Nxd4 4. Nxd4 exd4 5. Qxd4 Qf6 6. Be3 Qxd4 7. Bxd4 b6
8. Nd2 Bb7 9. Bd3 O-O-O 10. O-O-O f6 11. f3 c5 12. Be3 Bd6 13. Bb5 Ne7 14. Nc4
Bc7 15. Bxd7+ Rxd7 16. Rxd7 Kxd7 17. Rd1+ Kc8 18. g3 Rd8 19. b3 Rxd1+ 20. Kxd1
Nc6 21. c3 Ne5 22. Nxe5 Bxe5 23. c4 Kd7 24. Kd2 h5 25. Kd3 Ke6 26. f4 Bc7 27.
f5+ Kf7 28. a3 h4 29. Bf4 hxg3 30. hxg3 Bxf4 31. gxf4 Bc6 32. Ke3 g6 33. fxg6+
Kxg6 34. b4 cxb4 35. axb4 a5 36. bxa5 bxa5 37. e5 a4 38. Kd3 f5 39. Kc3 Kh5 40.
e6 Kg4 41. c5 Kxf4 42. e7 Ke4 0-1

[Event "AUTO-ADV-4772"]
[Site "http://www.queenalice.com/game.php?id=1832866"]
[Date "2024.3.6"]
[Round "1"]
[White "Bordon"]
[Black "yy"]
[Result "1-0"]
[WhiteElo "2078"]
[BlackElo "1914"]

1. e4 e5 2. Nf3 d6 3. d4 f6 4. Nc3 Bg4 5. Be2 Nd7 6. h3 Bxf3 7. Bxf3 g6 8. Be3
f5 9. exf5 gxf5 10. dxe5 dxe5 11. Bxb7 Rb8 12. Qh5+ Ke7 13. Bc6 Ngf6 14. Qxf5
Rxb2 15. Bxd7 Qxd7 16. Qxe5+ Kf7 17. Nd5 Nxd5 18. Qxh8 Bb4+ 19. Bd2 Rxc2 20.
Qxh7+ Ke8 21. Qxc2 Qe7+ 22. Kd1 Kd8 23. Bxb4 Nxb4 24. Qd2+ Kc8 25. Re1 Qc5 26.
Re8+ Kb7 27. Rb1 a5 28. a3 Qh5+ 29. Re2 Qg6 30. Qd5+ Kc8 31. Qa8+ Kd7 32. Rd2+
Ke7 33. Qd8+ 1-0

[Event "AUTO-ADV-4735"]
[Site "http://www.queenalice.com/game.php?id=1833471"]
[Date "2024.3.14"]
[Round "3"]
[White "yy"]
[Black "Spessatto"]
[Result "1-0"]
[WhiteElo "1905"]
[BlackElo "1827"]

1. e4 e5 2. Nf3 Bc5 3. Nxe5 d6 4. Bb5+ Nd7 5. d4 Bb4+ 6. c3 Ba5 7. Qa4 Nf6 8.
Bxd7+ Nxd7 9. Nxd7 Bxc3+ 10. Nxc3 Bxd7 11. Qb3 O-O 12. Qxb7 a5 13. Qd5 Be6 14.
Qb5 Qh4 15. O-O Rfb8 16. Qd3 Bd7 17. b3 Qh5 18. Be3 Qg6 19. Nd5 Kf8 20. Nf4 Qg4
21. h3 Qh4 22. g3 Qh6 23. h4 Qf6 24. Rac1 Bb5 25. Qc3 Bxf1 26. Kxf1 Rc8 27. a4
1-0